000 00468nam a2200169Ia 4500
003 GCL
008 140319s9999 xx 000 0 eng d
040 _aGCL /
_cGCL
082 0 4 _a892.7
_bV
100 1 _aSEYYED, HOSSEIN NASR
245 1 0 _aLES ETATS SPIRITUELS DANS LE SOUFISME /
_cSEYYED, HOSSEIN NASR
260 _a[S.N] :
_bACCADEMIA NAZIONALE DEI LINCEI ،
_c1973
300 _a22 P
650 0 4 _aحوادث المرور
650 0 4 _aSUFISM
942 _2ddc
_cBK
999 _c12470
_d12470